UBT Library

A history of modern philosophy; (Record no. 43405)

000 -LEADER
fixed length control field 00674cam a22002051 4500
001 - CONTROL NUMBER
control field 276732
005 - DATE AND TIME OF LATEST TRANSACTION
control field 20180226035139.0
008 - FIXED-LENGTH DATA ELEMENTS--GENERAL INFORMATION
fixed length control field 730522r1955 nyu 000 0 eng
010 ## - LIBRARY OF CONGRESS CONTROL NUMBER
LC control number 57004728
040 ## - CATALOGING SOURCE
Original cataloging agency DLC
Transcribing agency DLC
Modifying agency DLC
041 1# - LANGUAGE CODE
Language code of text/sound track or separate title engger
080 ## - UNIVERSAL DECIMAL CLASSIFICATION NUMBER
Universal Decimal Classification number 190.9 HOF
082 00 - DEWEY DECIMAL CLASSIFICATION NUMBER
Classification number 190.9 HOF
100 1# - Rafti
Rafti 23
101 ## - Shkurtesa
Shkurtesa FIL
240 10 - UNIFORM TITLE
Uniform title <a href="Den nyere filosofis historie.">Den nyere filosofis historie.</a>
Language of a work English
245 02 - TITLE STATEMENT
Title A history of modern philosophy;
Statement of responsibility, etc Translated from the German ed. by B. E. Meyer. Authorised translation.
906 ## - LOCAL DATA ELEMENT F, LDF (RLIN)
a 7
b cbc
c orignew
d u
e ocip
f 19
g y-gencatlg
942 ## - ADDED ENTRY ELEMENTS (KOHA)
Source of classification or shelving scheme
Item type Books
Holdings
Withdrawn status Lost status Source of classification or shelving scheme Damaged status Not for loan Collection code Permanent location Current location Shelving location Date acquired Total Checkouts Full call number Barcode Date last seen Price effective from Koha item type
          Koleksioni i përgjithshem UBT - Lipjan UBT - Lipjan Koleksioni i përgjithshem 02/26/2018   190.9 HOF 002-2999519 02/26/2018 02/26/2018 Books
UBT Library © 2015-2024. All rights reserved University Education for Business and Technology